Größte Stadt in jedem Bundesland Deutschlands auf einer Karte - Statistiken

Allgemein
  • Dieses Quiz wurde 300 mal gespielt
  • Das Durchschnittsergebnis liegt bei 15 aus 16
Antworten auf der Karte
Die Antworten werden auf der Karte rot bzw. grün angezeigt, abhängig davon wie oft sie richtig erraten wurden.
 
Antwortstatistiken
Bundesland % Korrekt
Berlin
100%
Hamburg
100%
München
100%
Stuttgart
100%
Bremen
99%
Kiel
99%
Saarbrücken
99%
Köln
98%
Frankfurt am Main
97%
Hannover
95%
Leipzig
94%
Erfurt
93%
Potsdam
91%
Mainz
88%
Rostock
88%
Halle (Saale)
73%
Keine übereinstimmenden Quizze gefunden
Verteilung der Resultate
Anzahl Personen mit jedem Resultat
Perzentil nach korrekt beantworteten Fragen
Ihre Resultats-Entwicklung
Sie haben dieses Quiz noch nicht gespielt